Dietary studies at the University of Tennessee in 1895 /
Saved in:
| Main Author: | |
|---|---|
| Corporate Author: | |
| Other Authors: | , |
| Format: | Book |
| Language: | English |
| Published: |
Washington :
Govt. Print. Off.
1896.
|
| Series: | Bulletin (United States. Office of Experiment Stations) ;
no. 29. |
| Subjects: | |
| Tags: |
Add Tag
No Tags, Be the first to tag this record!
|
| LEADER | 01063cam a2200313Ia 4500 | ||
|---|---|---|---|
| 001 | 006366169-1 | ||
| 005 | 20160409155956.0 | ||
| 008 | 910328s1896 dcu f000 0 eng d | ||
| 035 | 0 | |a ocm23350299 | |
| 040 | |a TJM |c TJM |d HMS | ||
| 043 | |a n-us-tn | ||
| 100 | 1 | |a Wait, Charles Edmund, |d 1849-1923. | |
| 245 | 1 | 0 | |a Dietary studies at the University of Tennessee in 1895 / |c by Chas. E. Wait. |
| 260 | |a Washington : |b Govt. Print. Off. |c 1896. | ||
| 300 | |a 45 p. : |b incl. tables, diagrs. II pl. ; |c 23 cm. | ||
| 490 | 0 | |a U.S. Dept. of Agriculture. Office of Experiment Stations. Bulletin ; |v no. 29 | |
| 651 | 2 | |a Tennessee. | |
| 650 | 2 | |a Nutrition Surveys. | |
| 650 | 2 | |a Dietetics. | |
| 650 | 0 | |a Dietetics. | |
| 650 | 0 | |a Nutrition surveys |z Tennessee. | |
| 650 | 2 | |a Diet. | |
| 650 | 2 | |a Students. | |
| 710 | 1 | |a United States. |b Office of Experiment Stations. | |
| 700 | 1 | |a Atwater, W. O. |q (Wilbur Olin), |d 1844-1907. | |
| 700 | 1 | |a Woods, Charles D. | |
| 830 | 0 | |a Bulletin (United States. Office of Experiment Stations) ; |v no. 29. | |
| 988 | |a 20110802 | ||
| 906 | |0 OCLC | ||


